000 00762nam a2200205Ii 4500
003 JO-AjNU
008 230605s9999||||xx |||||||||||||| ||und||
017 _a1987/3/107
040 _aJO-AjNU
_bara
_erda
_cJO-AjNU
041 _aara
050 1 4 _aLB3051.G7512 1987
100 3 _aالخوالدة،مترجم/Gronlund,Norman مؤلف,
_eauthor
_914972
245 0 0 _aإعداد الإختبارات محكية المرجع للتعليم الصفي=Preparing Criterion -Referenced Tests For Classroom Instruction
264 3 1 _aعمان:المؤلف،1987
300 _a87ص
_bملحق:ص(85-87)
336 _atext
_btxt
_2rdacontent
337 _aunmediated
_bn
_2rdamedia
338 _avolume
_bnc
_2rdacarrier
650 4 _aالإختبارات-تعليم
_914973
999 _aA4120
_c7688
_d7688